| 000 | 00469nam a2200181Ia 4500 | ||
|---|---|---|---|
| 005 | 20250423100120.0 | ||
| 008 | 250422s9999 xx 000 0 und d | ||
| 020 | _a9780749616 | ||
| 050 | _aP 92.N5 .A34/ | ||
| 100 | _aAdeyemi, Ridwan A...[et al.] | ||
| 245 | 0 | _aMass media history of Nigeria | |
| 260 | _aLagos, Nigeria | ||
| 260 | _bPioneer Publishing Company | ||
| 260 | _c2008 | ||
| 300 | _a223 p | ||
| 650 | _aMass media--Nigeria--History. | ||
| 942 | _cBK | ||
| 999 |
_c32329 _d32329 |
||